000
00308nam a2200133Ia 4500
100
_a
Buchan & Kornigsberg
942
_c
BK
654
_a
inventory
245
_a
Scientific Inventory Management
260
_b
Prentice Hall of India
_a
New Delhi
_c
1977
082
_a
658.7
300
_a
523
546
_a
ENGLISH
999
_c
27202
_d
27202